[Event "III. CLANSKA LIGA ZAHOD 2017"]
[Site "Komenda"]
[Date "2017.11.25"]
[Round "5.2"]
[White "Persl, Bojan"]
[Black "Jeraj, Zlatko"]
[Result "1/2-1/2"]
[WhiteElo "2062"]
[BlackElo "2027"]
[PlyCount "122"]
[EventDate "2017.11.25"]
[WhiteTeam "SK LJUBLJANA DUOL"]
[BlackTeam "SD SIJ ACRONI JESENICE"]

1. e4 e5 2. Nf3 Nc6 3. Bb5 a6 4. Ba4 Nf6 5. O-O b5 6. Bb3 Be7 7. Re1 d6 8. c3
O-O 9. h3 Na5 10. Bc2 c5 11. d4 cxd4 12. cxd4 Nc6 13. Nbd2 exd4 14. Nb3 Nb4 15.
Nfxd4 Nxc2 16. Qxc2 Bd7 17. Qd3 d5 18. e5 Ne4 19. Bf4 Qb6 20. Rad1 a5 21. Nd2
Nxd2 22. Bxd2 Bc5 23. Be3 Rae8 24. Nb3 Bxe3 25. Rxe3 Rd8 26. Nd4 b4 27. f4 g6
28. Kh1 Rc8 29. Rg3 Rfe8 30. Nf3 Qf2 31. Kh2 Qxb2 32. f5 Rc3 33. Qxd5 Bxf5 34.
Ng5 Rc7 35. Re3 Rce7 36. Rd2 Qc1 37. Ne4 Bxe4 38. Rxe4 Qc7 39. Rde2 Re6 40. Rc4
Qb8 41. Rc5 a4 42. Rb5 Qc7 43. Rc5 Qa7 44. Qc4 b3 45. axb3 axb3 46. Rb5 b2 47.
Qb3 Qd4 48. Qxb2 Qf4+ 49. g3 Qg5 50. Rb8 Rxb8 51. Qxb8+ Kg7 52. Qb2 h5 53. Qd4
Qe7 54. Qf4 Kg8 55. Re3 Qc7 56. Qe4 Kh7 57. Qf3 Rc6 58. h4 Rc2+ 59. Re2 Rc3 60.
Qf6 Rc6 61. e6 fxe6 1/2-1/2

[Event "III. CLANSKA LIGA ZAHOD 2017"]
[Site "Komenda"]
[Date "2017.11.25"]
[Round "5.3"]
[White "Pazlar, Marko"]
[Black "Solmajer, Luka"]
[Result "1-0"]
[WhiteElo "2069"]
[BlackElo "1997"]
[PlyCount "51"]
[EventDate "2017.11.25"]
[WhiteTeam "SD SIJ ACRONI JESENICE"]
[BlackTeam "SK LJUBLJANA DUOL"]

1. Nf3 c5 2. c4 Nf6 3. g3 b6 4. Bg2 Bb7 5. O-O e6 6. Nc3 Be7 7. b3 O-O 8. Bb2
d5 9. Ne5 Nbd7 10. d4 cxd4 11. Qxd4 Bc5 12. Qf4 Nh5 13. Qf3 Nxe5 14. Qxh5 f5
15. cxd5 g6 16. Qh3 exd5 17. Rad1 Ng4 18. Nxd5 Qc8 19. e3 a5 20. Qh4 h6 21. h3
Rd8 22. hxg4 Bxd5 23. Bxd5+ Kh7 24. Bxa8 Rxd1 25. Rxd1 Qxa8 26. Qf6 1-0

[Event "III. CLANSKA LIGA ZAHOD 2017"]
[Site "Komenda"]
[Date "2017.11.25"]
[Round "5.4"]
[White "Trussevich, Simon"]
[Black "Pavlin, Ivan"]
[Result "1/2-1/2"]
[WhiteElo "1734"]
[BlackElo "1833"]
[PlyCount "86"]
[EventDate "2017.11.25"]
[WhiteTeam "SK LJUBLJANA DUOL"]
[BlackTeam "SD SIJ ACRONI JESENICE"]

1. d4 d5 2. c4 e6 3. Nf3 Nf6 4. Nc3 Be7 5. cxd5 exd5 6. Bf4 O-O 7. h3 c6 8. Qc2
Re8 9. e3 h6 10. Bd3 Be6 11. O-O Nbd7 12. Rab1 Nb6 13. b4 Rc8 14. Qe2 Bd6 15.
Bxd6 Qxd6 16. Ne5 Nbd7 17. Nxd7 Bxd7 18. a4 g6 19. Qc2 Kg7 20. Qb3 Be6 21. Qb2
Bd7 22. Qb3 Be6 23. Qb2 Bd7 24. Rfd1 Kh7 25. b5 b6 26. bxc6 Bxc6 27. Bb5 Re6
28. Bxc6 Rxc6 29. Nb5 Qb8 30. Rdc1 Rc8 31. Rc2 Qb7 32. Rbc1 a6 33. Na3 Qd7 34.
Qb3 Kg7 35. Qd3 Qb7 36. Nb1 b5 37. axb5 axb5 38. Nd2 Rxc2 39. Qxc2 Rb6 40. Nb3
b4 41. f3 Qb8 42. e4 dxe4 43. fxe4 Qg3 1/2-1/2

[Event "III. CLANSKA LIGA ZAHOD 2017"]
[Site "Komenda"]
[Date "2017.11.25"]
[Round "5.5"]
[White "Ravnik, Franc"]
[Black "Jersic, Aleks"]
[Result "1/2-1/2"]
[WhiteElo "1886"]
[BlackElo "1666"]
[PlyCount "96"]
[EventDate "2017.11.25"]
[WhiteTeam "SD SIJ ACRONI JESENICE"]
[BlackTeam "SK LJUBLJANA DUOL"]

1. e4 c5 2. f4 d6 3. Nf3 g6 4. Bc4 Bg7 5. O-O e6 6. c3 Ne7 7. d4 cxd4 8. cxd4
d5 9. exd5 Nxd5 10. Nc3 Nb6 11. Bb3 O-O 12. Be3 Bd7 13. Rc1 Bc6 14. Ne5 Nd5 15.
Nxd5 Bxd5 16. Bxd5 Qxd5 17. b3 Nc6 18. Nxc6 bxc6 19. Rc5 Qd7 20. Qd2 Rfd8 21.
Rd1 Rac8 22. h3 f5 23. Kf2 Kh8 24. Kf3 Bf8 25. Rc4 Qb7 26. g4 Bg7 27. Rc5 Bf8
28. Rc4 Bg7 29. Kg2 Bf6 30. g5 Bg7 31. Qc2 Rd6 32. Rc1 Kg8 33. Ra4 Rcd8 34. Qc5
R8d7 35. Qc4 Qb5 36. Qc3 Qb6 37. Rb4 Qa6 38. a4 Kf7 39. Rc4 Rc7 40. Qc2 Rcd7
41. Qc3 Rc7 42. a5 Qb5 43. b4 Qb7 44. Rc5 a6 45. Qc4 Bf8 46. Qb3 Bg7 47. R1c4
Rcd7 48. Qc3 Rc7 1/2-1/2

[Event "III. CLANSKA LIGA ZAHOD 2017"]
[Site "Komenda"]
[Date "2017.11.25"]
[Round "5.6"]
[White "Selih, Mario Carlos"]
[Black "Halilov, Esad"]
[Result "1/2-1/2"]
[WhiteElo "1736"]
[BlackElo "1854"]
[PlyCount "110"]
[EventDate "2017.11.25"]
[WhiteTeam "SK LJUBLJANA DUOL"]
[BlackTeam "SD SIJ ACRONI JESENICE"]

1. e4 Nc6 2. Nf3 d6 3. Bb5 Bd7 4. O-O a6 5. Bc4 e6 6. d4 b5 7. Bd3 e5 8. c3 Be7
9. Re1 Nf6 10. Nbd2 O-O 11. Nf1 Bg4 12. Be3 Re8 13. h3 Bh5 14. Ng3 Bg6 15. a3
Bf8 16. Qc2 Nh5 17. Rad1 Nxg3 18. fxg3 h6 19. g4 Be7 20. dxe5 Bh4 21. Re2 Bg3
22. exd6 cxd6 23. Bf2 Bxf2+ 24. Rxf2 Qb6 25. Kh1 Ne5 26. Nxe5 dxe5 27. Rdf1
Rad8 28. Rf3 Rd6 29. Qf2 Qxf2 30. R1xf2 Red8 31. Bc2 Rd2 32. Bb3 Rxf2 33. Rxf2
Rd3 34. Re2 Rd6 35. Bd5 Kf8 36. Kg1 Ke7 37. Kf2 f6 38. Ke3 h5 39. gxh5 Bxh5 40.
g4 Be8 41. h4 g6 42. Rd2 Bd7 43. Kf3 f5 44. gxf5 gxf5 45. b3 f4 46. c4 bxc4 47.
bxc4 Rg6 48. Rg2 Rh6 49. c5 Rxh4 50. c6 Rh3+ 51. Kf2 Bxc6 52. Bxc6 Rxa3 53. Bd5
Kd6 54. Rg6+ Kc5 55. Rc6+ Kd4 1/2-1/2

[Event "III. CLANSKA LIGA ZAHOD 2017"]
[Site "Komenda"]
[Date "2017.11.25"]
[Round "5.1"]
[White "Luzar, Emil"]
[Black "Pridigar, Lovro"]
[Result "0-1"]
[WhiteElo "2141"]
[BlackElo "2040"]
[PlyCount "78"]
[EventDate "2017.11.25"]
[WhiteTeam "SK DOLENJSKE TOPLICE"]
[BlackTeam "SK POSTOJNA"]

1. e4 c5 2. Nc3 Nc6 3. f4 d6 4. Nf3 Nf6 5. Bc4 e6 6. O-O Be7 7. d3 O-O 8. Qe1
Na5 9. e5 Ne8 10. Bb3 a6 11. Ne2 b5 12. Bd2 Nc6 13. a4 Bb7 14. f5 exf5 15. e6
fxe6 16. Nf4 Nc7 17. Bxe6+ Kh8 18. Qg3 Ne5 19. Nxe5 dxe5 20. Bc3 Bh4 21. Qh3
exf4 22. Rxf4 Bg5 23. Bxf5 Rxf5 24. Rxf5 Bc8 25. axb5 Bxf5 26. Qxf5 Be3+ 27.
Kh1 Nxb5 28. Bxg7+ Kxg7 29. Qe5+ Qf6 30. Qxe3 Nd4 31. c3 Nc2 32. Qg3+ Kh8 33.
Rc1 Rg8 34. Qc7 Qf5 35. Qe7 Qf4 36. Rg1 Ne3 37. Qb7 Ng4 38. g3 Qd2 39. Qg2 Nf2+
0-1

[Event "III. CLANSKA LIGA ZAHOD 2017"]
[Site "Komenda"]
[Date "2017.11.25"]
[Round "5.2"]
[White "Skrbec, Leon"]
[Black "Pucelj, Joze"]
[Result "0-1"]
[WhiteElo "1618"]
[BlackElo "2092"]
[PlyCount "72"]
[EventDate "2017.11.25"]
[WhiteTeam "SK POSTOJNA"]
[BlackTeam "SK DOLENJSKE TOPLICE"]

1. d4 g6 2. e4 Bg7 3. Nf3 d6 4. c4 c5 5. Be3 cxd4 6. Bxd4 Nf6 7. Nc3 Nc6 8. Be3
O-O 9. Be2 Be6 10. O-O Rc8 11. Nd2 Qd7 12. f3 b6 13. Nd5 Bxd5 14. cxd5 Nb4 15.
Qb3 Nc2 16. Rac1 Nxe3 17. Qxe3 Qa4 18. Bc4 b5 19. Bb3 Nxd5 20. Qg5 Qd4+ 21. Kh1
Ne3 22. Rxc8 Rxc8 23. Qxe7 Nxf1 24. Bxf7+ Kh8 25. Qd7 Rf8 26. Nxf1 Qf2 27. Qxb5
Rxf7 28. h3 Bd4 29. Qe8+ Kg7 30. Kh2 Qxf1 31. Qxf7+ Kxf7 32. b4 Be5+ 33. g3
Qf2+ 34. Kh1 Qxg3 35. f4 Bxf4 36. h4 Qh2# 0-1

[Event "III. CLANSKA LIGA ZAHOD 2017"]
[Site "Komenda"]
[Date "2017.11.25"]
[Round "5.3"]
[White "Muhic, Jure"]
[Black "Jereb, Lana"]
[Result "1-0"]
[WhiteElo "1867"]
[BlackElo "1678"]
[PlyCount "57"]
[EventDate "2017.11.25"]
[WhiteTeam "SK DOLENJSKE TOPLICE"]
[BlackTeam "SK POSTOJNA"]

1. Nf3 Nf6 2. c4 c5 3. Nc3 Nc6 4. d4 cxd4 5. Nxd4 e6 6. e4 Qc7 7. Be2 a6 8. O-O
Be7 9. Be3 d6 10. Rc1 Bd7 11. f4 Nxd4 12. Bxd4 Bc6 13. Nd5 exd5 14. cxd5 O-O
15. Bf3 Qd7 16. dxc6 bxc6 17. Qc2 Qe6 18. e5 Nd5 19. f5 Qh6 20. Qxc6 Nb4 21.
Qxa8 Rxa8 22. Bxa8 Qd2 23. Rfd1 Qe2 24. Bf3 Qb5 25. Rc8+ Bf8 26. e6 fxe6 27.
fxe6 Qf5 28. Rf1 Qxe6 29. Bd5 1-0

[Event "III. CLANSKA LIGA ZAHOD 2017"]
[Site "Komenda"]
[Date "2017.11.25"]
[Round "5.4"]
[White "Kaluza, Dominik"]
[Black "Janko, Roman"]
[Result "0-1"]
[WhiteElo "1390"]
[BlackElo "1895"]
[PlyCount "76"]
[EventDate "2017.11.25"]
[WhiteTeam "SK POSTOJNA"]
[BlackTeam "SK DOLENJSKE TOPLICE"]

1. e4 c5 2. Nf3 Nc6 3. d4 cxd4 4. Nxd4 e5 5. Nf3 a6 6. Bc4 h6 7. Be3 Nf6 8.
Nbd2 d5 9. exd5 Nxd5 10. Qe2 Be6 11. c3 Qc7 12. Bb3 Be7 13. Rd1 O-O-O 14. a4
Kb8 15. Rc1 f5 16. Nc4 Nxe3 17. Qxe3 e4 18. Nfd2 Bg5 19. Qe2 Bxc4 20. Nxc4 Bxc1
21. O-O Bf4 22. g3 Bg5 23. Rb1 Rd7 24. Ne3 Bxe3 25. Qxe3 Ne5 26. Bd1 Rd3 27.
Qf4 Nf3+ 28. Kg2 Qxf4 29. gxf4 Nh4+ 30. Kf1 e3 31. fxe3 Re8 32. Be2 Rdxe3 33.
Re1 Ng6 34. Kf2 Nxf4 35. Kf1 Nxe2 36. Rd1 Nf4 37. Rd4 Rf3+ 38. Kg1 Re1# 0-1

[Event "III. CLANSKA LIGA ZAHOD 2017"]
[Site "Komenda"]
[Date "2017.11.25"]
[Round "5.5"]
[White "Gorse, Damjan"]
[Black "Hocevar, Tim"]
[Result "1-0"]
[WhiteElo "1781"]
[BlackElo "1693"]
[PlyCount "75"]
[EventDate "2017.11.25"]
[WhiteTeam "SK DOLENJSKE TOPLICE"]
[BlackTeam "SK POSTOJNA"]

1. e4 e5 2. Nf3 Nc6 3. Bb5 f6 4. c3 a6 5. Ba4 b5 6. Bc2 Bb7 7. O-O Be7 8. d4 b4
9. cxb4 Bxb4 10. a3 Ba5 11. b4 Bb6 12. Bb2 exd4 13. Nxd4 Nxd4 14. Bxd4 Bxd4 15.
Qxd4 Ne7 16. Bb3 d5 17. exd5 Bxd5 18. Ba4+ Bc6 19. Bxc6+ Nxc6 20. Qe4+ Ne5 21.
f4 Qd3 22. Qxa8+ Qd8 23. Qxd8+ Kxd8 24. fxe5 fxe5 25. Nc3 Kd7 26. Rf7+ Ke6 27.
Rxg7 c6 28. Rd1 h5 29. Rg6+ Kf7 30. Rxc6 Ra8 31. Rc5 Kf6 32. Rd6+ Ke7 33. Ne4
Rf8 34. Rc7+ Ke8 35. Rxa6 Kd8 36. Rh7 Rf1+ 37. Kxf1 Kc8 38. Ra8# 1-0

[Event "III. CLANSKA LIGA ZAHOD 2017"]
[Site "Komenda"]
[Date "2017.11.25"]
[Round "5.6"]
[White "Hocevar, Nick"]
[Black "Kregulj, Andrej"]
[Result "0-1"]
[WhiteElo "1564"]
[BlackElo "1680"]
[PlyCount "92"]
[EventDate "2017.11.25"]
[WhiteTeam "SK POSTOJNA"]
[BlackTeam "SK DOLENJSKE TOPLICE"]

1. e4 c5 2. Nf3 Nc6 3. Bc4 e6 4. O-O d5 5. exd5 exd5 6. Re1+ Be7 7. Bb5 Nf6 8.
Ne5 Qc7 9. Nc3 O-O 10. Nxc6 bxc6 11. Bxc6 Qxc6 12. Rxe7 Bg4 13. f3 Be6 14. d4
Rfc8 15. Bg5 Kf8 16. Rxe6 Qxe6 17. Na4 cxd4 18. Qxd4 Rc4 19. Nc5 Rxd4 20. Nxe6+
fxe6 21. Be3 Rc4 22. c3 Kf7 23. Bd4 a6 24. b3 Rc6 25. Rc1 Rac8 26. Kf2 Nd7 27.
g3 e5 28. Be3 Rxc3 29. Ra1 Rc2+ 30. Ke1 Rxh2 31. Rc1 Rxc1+ 32. Bxc1 Rxa2 33. f4
e4 34. Be3 Nb8 35. Ba7 Nc6 36. Be3 h5 37. Bf2 Ke6 38. Be3 Kf5 39. Bb6 d4 40.
Bc5 Kg4 41. Kd1 Kf3 42. Bxd4 Nxd4 43. Kc1 e3 44. Kb1 Rc2 45. Ka1 e2 46. Kb1
e1=R# 0-1

[Event "III. CLANSKA LIGA ZAHOD 2017"]
[Site "Komenda"]
[Date "2017.11.25"]
[Round "5.1"]
[White "Debevec, Blaz"]
[Black "Sivic, Klemen"]
[Result "1-0"]
[WhiteElo "2196"]
[BlackElo "2058"]
[PlyCount "97"]
[EventDate "2017.11.25"]
[WhiteTeam "SK KOMENDA"]
[BlackTeam "SK TRZIN"]

1. e4 e6 2. d4 d5 3. Nc3 Nf6 4. e5 Nfd7 5. f4 c5 6. Nf3 Nc6 7. Be3 a6 8. Qd2 b5
9. dxc5 Bxc5 10. O-O-O Qa5 11. Bxc5 Nxc5 12. Kb1 b4 13. Ne2 Ne4 14. Qe1 Rb8 15.
Nfd4 Bd7 16. Nxc6 Bxc6 17. Nd4 Qb6 18. Be2 a5 19. Bf3 Nc5 20. f5 Bd7 21. Qg3 g6
22. fxg6 hxg6 23. h4 Na4 24. h5 gxh5 25. Bxh5 Rf8 26. Bxf7+ Kd8 27. Qg7 Nc3+
28. Ka1 Rxf7 29. Qxf7 Nxd1 30. Rxd1 Kc7 31. g4 Rh8 32. b3 Rh2 33. Qf4 Rg2 34.
Kb1 Qc5 35. Qf3 Rh2 36. Qg3 Rh8 37. g5 a4 38. bxa4 Rg8 39. g6 Qe7 40. Rf1 Rg7
41. Rf6 Qc5 42. Qd3 Qb6 43. a5 Qxa5 44. Rxe6 Kc8 45. Rd6 b3 46. axb3 Qe1+ 47.
Kb2 Qxe5 48. Qc3+ Kb7 49. Qc5 1-0

[Event "III. CLANSKA LIGA ZAHOD 2017"]
[Site "Komenda"]
[Date "2017.11.25"]
[Round "5.2"]
[White "Leben, Dusan"]
[Black "Subelj, Jan"]
[Result "0-1"]
[WhiteElo "1858"]
[BlackElo "2070"]
[PlyCount "114"]
[EventDate "2017.11.25"]
[WhiteTeam "SK TRZIN"]
[BlackTeam "SK KOMENDA"]

1. e4 e5 2. Nf3 Nc6 3. Bb5 a6 4. Bxc6 dxc6 5. O-O Qf6 6. d4 exd4 7. Qxd4 Qxd4
8. Nxd4 Bd7 9. Be3 O-O-O 10. Nc3 g6 11. Nce2 Bg7 12. c3 Nf6 13. f3 Ne8 14. Rfd1
Nd6 15. b3 Rde8 16. Kf2 b6 17. Rac1 c5 18. Nc2 f5 19. exf5 Nxf5 20. Re1 Nxe3
21. Nxe3 Re5 22. Ng3 Bc6 23. Re2 Rhe8 24. Rcc2 h5 25. Nd1 h4 26. Nf1 c4 27.
Rxe5 Bxe5 28. Nde3 cxb3 29. axb3 Rf8 30. Nd1 h3 31. Nd2 Bf4 32. gxh3 Bxd2 33.
Rxd2 Rxf3+ 34. Ke1 Rxh3 35. Rf2 Bd5 36. b4 Bb3 37. Rg2 Rd3 38. Nf2 Rxc3 39.
Rxg6 Rc4 40. Rg4 Rc1+ 41. Kd2 Rc2+ 42. Ke3 a5 43. bxa5 bxa5 44. h4 a4 45. Rb4
Rc5 46. Nd3 Ra5 47. Nc1 Bf7 48. Rb1 Kd7 49. Kd2 Kd6 50. Kc3 Rc5+ 51. Kb4 Rc4+
52. Ka3 Rxh4 53. Ne2 Rc4 54. Rd1+ Bd5 55. Rd4 Rc2 56. Nf4 Ra2+ 57. Kb4 c5+ 0-1

[Event "III. CLANSKA LIGA ZAHOD 2017"]
[Site "Komenda"]
[Date "2017.11.25"]
[Round "5.3"]
[White "Marn, Jan"]
[Black "Bajec, Borut"]
[Result "1-0"]
[WhiteElo "2054"]
[BlackElo "1805"]
[PlyCount "103"]
[EventDate "2017.11.25"]
[WhiteTeam "SK KOMENDA"]
[BlackTeam "SK TRZIN"]

1. d4 d5 2. c4 e6 3. Nc3 Nf6 4. cxd5 exd5 5. Bg5 Be7 6. e3 O-O 7. Bd3 Nbd7 8.
Qc2 h6 9. Bh4 c6 10. Nge2 Nh5 11. Bxe7 Qxe7 12. O-O Qg5 13. Ng3 Nxg3 14. hxg3
Qe7 15. Rab1 Nf6 16. b4 a6 17. a4 Bd7 18. a5 Rad8 19. Na4 Rfe8 20. Nc5 Bc8 21.
Rbe1 Qd6 22. Kh2 Re7 23. f3 Rde8 24. Qf2 Kf8 25. Kg1 Nh5 26. Kh2 Nf6 27. Bb1
Kg8 28. Re2 h5 29. Kg1 g6 30. Ree1 Kg7 31. Ba2 Rd8 32. Kh1 Rde8 33. Bb3 Rd8 34.
Bd1 Rde8 35. Bb3 Rd8 36. Rd1 Rde8 37. Rfe1 Qc7 38. Nd3 Qd6 39. Re2 Qc7 40. Rf1
Bf5 41. Nc5 Bc8 42. e4 dxe4 43. fxe4 Ng4 44. Qf3 h4 45. e5 Rh8 46. Kg1 hxg3 47.
Qxg3 Bf5 48. Rf4 Qc8 49. e6 Nh6 50. Re5 fxe6 51. Qg5 Kf7 52. Qxe7+ 1-0

[Event "III. CLANSKA LIGA ZAHOD 2017"]
[Site "Komenda"]
[Date "2017.11.25"]
[Round "5.4"]
[White "Grum, Andrej"]
[Black "Leonardi, Caterina"]
[Result "1-0"]
[WhiteElo "1781"]
[BlackElo "2007"]
[PlyCount "43"]
[EventDate "2017.11.25"]
[WhiteTeam "SK TRZIN"]
[BlackTeam "SK KOMENDA"]

1. e4 g6 2. d4 Bg7 3. Nf3 d6 4. h3 Nd7 5. c3 c5 6. Be3 a6 7. Nbd2 b5 8. dxc5
Nxc5 9. Qc2 Bb7 10. Nd4 Nf6 11. f3 O-O 12. N4b3 Ne6 13. Be2 Nh5 14. Kf2 Rc8 15.
Rad1 Be5 16. Nf1 Qc7 17. Nd4 d5 18. Nxe6 fxe6 19. exd5 Bxd5 20. Bd3 Bg3+ 21.
Kg1 Qe5 22. Bxg6 1-0

[Event "III. CLANSKA LIGA ZAHOD 2017"]
[Site "Komenda"]
[Date "2017.11.25"]
[Round "5.5"]
[White "Skok, Boris"]
[Black "Krupenko, Peter"]
[Result "1-0"]
[WhiteElo "2002"]
[BlackElo "1631"]
[PlyCount "127"]
[EventDate "2017.11.25"]
[WhiteTeam "SK KOMENDA"]
[BlackTeam "SK TRZIN"]

1. d4 d5 2. c4 c6 3. Nf3 Nf6 4. Qc2 e6 5. e3 Nbd7 6. Nc3 a6 7. Bd3 dxc4 8. Bxc4
b5 9. Be2 c5 10. O-O Bb7 11. Rd1 Qc7 12. a3 Bd6 13. dxc5 Nxc5 14. Bxb5+ Ke7 15.
Bc4 Bxf3 16. gxf3 Bxh2+ 17. Kg2 Be5 18. Bd2 h5 19. Rac1 g5 20. Na4 a5 21. Nxc5
Qxc5 22. b4 Qa7 23. bxa5 Nd7 24. Bb4+ Kf6 25. Qe4 Rac8 26. Ba2 Rxc1 27. Rxc1
Kg7 28. Rd1 Bf6 29. Bb1 Nc5 30. Qc6 Na6 31. Rd7 Nb8 32. Qb7 Qxb7 33. Rxb7 Nc6
34. Be4 Nxb4 35. axb4 Bc3 36. a6 Ra8 37. a7 Bxb4 38. Rd7 Rxa7 39. Rxa7 Bc3 40.
Bc6 Kf8 41. Ba4 Bf6 42. Bb3 Bb2 43. Rb7 Bc3 44. Kh3 Be1 45. Kg2 Bc3 46. Rc7 Bb2
47. Rb7 Bc3 48. Ba2 Be5 49. Rb5 Bf6 50. f4 gxf4 51. Rxh5 fxe3 52. fxe3 Kg7 53.
Kf3 Kg6 54. Rb5 Kg7 55. Rb7 Kf8 56. Kg4 Bc3 57. Kg5 Bd2 58. Kf4 Bc3 59. e4 Bd2+
60. Kf3 Bc3 61. Kf4 Bd2+ 62. Kg4 Bc3 63. Kg5 Bd2+ 64. Kf6 1-0

[Event "III. CLANSKA LIGA ZAHOD 2017"]
[Site "Komenda"]
[Date "2017.11.25"]
[Round "5.6"]
[White "Konvalinka, Kostja"]
[Black "Zajc, Jan"]
[Result "1/2-1/2"]
[WhiteElo "1738"]
[BlackElo "1718"]
[PlyCount "82"]
[EventDate "2017.11.25"]
[WhiteTeam "SK TRZIN"]
[BlackTeam "SK KOMENDA"]

1. e4 c6 2. d4 d5 3. Nc3 dxe4 4. Nxe4 Bf5 5. Ng3 Bg6 6. Nf3 Nd7 7. Bd3 Ngf6 8.
O-O e6 9. Re1 Bd6 10. Ne4 Nxe4 11. Bxe4 Bxe4 12. Rxe4 Nf6 13. Re1 Qc7 14. c3 h6
15. Qe2 O-O 16. h3 b5 17. a3 a5 18. Ne5 Rfd8 19. Bd2 c5 20. Nf3 c4 21. Ne5 Bxe5
22. Qxe5 Qxe5 23. Rxe5 Rd5 24. Rae1 Rad8 25. Bf4 Rxe5 26. Rxe5 Rd5 27. Rxd5
Nxd5 28. Bd2 Kh7 29. Kf1 Kg6 30. Ke2 Kf5 31. Kf3 g5 32. g4+ Kf6 33. Ke4 Ke7 34.
f4 Nxf4 35. Bxf4 gxf4 36. Kxf4 f6 37. h4 Kd6 38. Ke4 Kc6 39. Kf4 Kd5 40. Kf3
Kc6 41. Ke4 Kd6 1/2-1/2

[Event "III. CLANSKA LIGA ZAHOD 2017"]
[Site "Komenda"]
[Date "2017.11.25"]
[Round "6.1"]
[White "Hrescak, Ivana"]
[Black "Debevec, Blaz"]
[Result "1/2-1/2"]
[WhiteElo "1923"]
[BlackElo "2196"]
[PlyCount "116"]
[EventDate "2017.11.25"]
[WhiteTeam "SK POSTOJNA"]
[BlackTeam "SK KOMENDA"]

1. d4 d6 2. e4 g6 3. Be3 Bg7 4. Nc3 a6 5. a4 b6 6. Bc4 Bb7 7. Nf3 Nf6 8. d5
Nbd7 9. h3 Nc5 10. Bd4 O-O 11. e5 dxe5 12. Bxe5 Ncd7 13. Bh2 Ne8 14. O-O Nd6
15. Bb3 b5 16. Nd4 b4 17. Nce2 a5 18. c3 bxc3 19. bxc3 Nc5 20. Ba2 Qd7 21. Rb1
Rfb8 22. Nb5 c6 23. Nxd6 exd6 24. Nd4 cxd5 25. Nb5 Bc6 26. Bxd5 Bxd5 27. Qxd5
Nxa4 28. c4 Rd8 29. Qxd6 Qxd6 30. Nxd6 Nc5 31. Rb5 Ne6 32. Nb7 Rd2 33. Rxa5
Rxa5 34. Nxa5 Rc2 35. Bg3 f5 36. Bd6 Bd4 37. Nb3 Bb6 38. c5 Bxc5 39. Bxc5 Nxc5
40. Nxc5 Rxc5 41. g3 h5 42. Ra1 Kg7 43. Ra7+ Kh6 44. Kg2 Rc4 45. Rf7 h4 46. Kf3
Kg5 47. Rb7 Rc3+ 48. Kg2 Rc6 49. Rb4 hxg3 50. fxg3 Kf6 51. h4 Rc3 52. Ra4 Re3
53. Ra6+ Kg7 54. Ra4 Kh6 55. Kf2 Rb3 56. Rc4 Kh5 57. Ra4 g5 58. hxg5 Kxg5
1/2-1/2

[Event "III. CLANSKA LIGA ZAHOD 2017"]
[Site "Komenda"]
[Date "2017.11.25"]
[Round "6.2"]
[White "Subelj, Jan"]
[Black "Pridigar, Lovro"]
[Result "1-0"]
[WhiteElo "2070"]
[BlackElo "2040"]
[PlyCount "73"]
[EventDate "2017.11.25"]
[WhiteTeam "SK KOMENDA"]
[BlackTeam "SK POSTOJNA"]

1. e4 c5 2. Nf3 Nc6 3. c3 d6 4. h3 Nf6 5. Bd3 g6 6. Bc2 Bg7 7. d4 O-O 8. O-O a6
9. d5 Na7 10. a4 b5 11. Be3 Bb7 12. Na3 Nh5 13. Qd2 Qe8 14. Bh6 f5 15. Bxg7
Nxg7 16. Qh6 Nh5 17. Ng5 Nf6 18. Ne6 Qf7 19. exf5 Bxd5 20. Nxf8 Rxf8 21. fxg6
hxg6 22. Qxg6+ Qxg6 23. Bxg6 Kg7 24. Bd3 Nh5 25. Rfe1 e6 26. Be4 Bxe4 27. Rxe4
Kf6 28. axb5 Nxb5 29. Nxb5 axb5 30. Ra6 Kf5 31. Re3 Nf4 32. Rxd6 Rg8 33. g4+
Kg5 34. Kh2 Rh8 35. Rc6 c4 36. Re5+ Kf6 37. Rf5+ 1-0

[Event "III. CLANSKA LIGA ZAHOD 2017"]
[Site "Komenda"]
[Date "2017.11.25"]
[Round "6.3"]
[White "Skrbec, Leon"]
[Black "Lucovnik, Tilen"]
[Result "1/2-1/2"]
[WhiteElo "1618"]
[BlackElo "2081"]
[PlyCount "101"]
[EventDate "2017.11.25"]
[WhiteTeam "SK POSTOJNA"]
[BlackTeam "SK KOMENDA"]

1. e4 d6 2. d4 Nf6 3. Nc3 e5 4. dxe5 dxe5 5. Qxd8+ Kxd8 6. Bg5 Be6 7. O-O-O+
Kc8 8. Nf3 Nbd7 9. Be2 Bb4 10. Bxf6 gxf6 11. Nd5 Bc5 12. Rhf1 Rg8 13. Nh4 c6
14. Nc3 Bd4 15. a3 Nc5 16. Bd3 Kc7 17. Ne2 Nxd3+ 18. Rxd3 Bc4 19. Rd2 Rg4 20.
Nf5 Rxg2 21. Nfxd4 exd4 22. Rh1 Rxf2 23. Nxd4 Rf4 24. b3 Ba6 25. Rg1 Rd8 26.
Rg7 Kc8 27. Rxf7 Rxe4 28. Nf3 Rxd2 29. Nxd2 Re1+ 30. Kb2 Re2 31. Kc3 Rxh2 32.
Rxf6 Be2 33. Ne4 Bd1 34. Rf8+ Kc7 35. Rf7+ Kb6 36. Nd2 h5 37. a4 Rh3+ 38. Kb2
Rg3 39. Nc4+ Ka6 40. Rf6 Be2 41. Nd2 Rg5 42. Re6 Bg4 43. Rh6 Re5 44. b4 Re6 45.
Rh7 Re2 46. Nb3 Rxc2+ 47. Ka3 Rc3 48. Kb2 Rc2+ 49. Ka3 Rc3 50. Kb2 Rc2+ 51. Ka3
1/2-1/2

[Event "III. CLANSKA LIGA ZAHOD 2017"]
[Site "Komenda"]
[Date "2017.11.25"]
[Round "6.4"]
[White "Marn, Jan"]
[Black "Jereb, Lana"]
[Result "1-0"]
[WhiteElo "2054"]
[BlackElo "1678"]
[PlyCount "101"]
[EventDate "2017.11.25"]
[WhiteTeam "SK KOMENDA"]
[BlackTeam "SK POSTOJNA"]

1. d4 d5 2. c4 c6 3. cxd5 cxd5 4. Nc3 Nf6 5. Bf4 Bf5 6. Qb3 Qd7 7. Bxb8 a6 8.
Bg3 e6 9. Nf3 Be7 10. e3 O-O 11. Be2 b5 12. O-O Rac8 13. Rac1 Ne4 14. Nxe4 Bxe4
15. Ne5 Qb7 16. f3 Bg6 17. Nxg6 hxg6 18. a4 b4 19. Qd3 a5 20. Qa6 Qxa6 21. Bxa6
Ra8 22. Rc6 Bg5 23. Kf2 Rfd8 24. Rfc1 Ra7 25. Bb5 Kh7 26. Rc8 Rxc8 27. Rxc8 Bf6
28. Rc7 Ra8 29. Rxf7 Kg8 30. Rc7 Bd8 31. Rc6 Kf7 32. Ke2 g5 33. Kd2 Ke7 34. Be5
g6 35. Ra6 Rxa6 36. Bxa6 Kf7 37. b3 Bb6 38. Bd3 Bd8 39. Ke2 Bb6 40. Kf2 Bd8 41.
Kg3 Bb6 42. Kg4 Bd8 43. h3 Bf6 44. Bxf6 Kxf6 45. Bb1 e5 46. dxe5+ Kxe5 47. Kxg5
d4 48. exd4+ Kxd4 49. Bxg6 Kc3 50. Bf7 Kd4 51. h4 1-0

[Event "III. CLANSKA LIGA ZAHOD 2017"]
[Site "Komenda"]
[Date "2017.11.25"]
[Round "6.5"]
[White "Kaluza, Dominik"]
[Black "Leonardi, Caterina"]
[Result "0-1"]
[WhiteElo "1390"]
[BlackElo "2007"]
[PlyCount "122"]
[EventDate "2017.11.25"]
[WhiteTeam "SK POSTOJNA"]
[BlackTeam "SK KOMENDA"]

1. e4 g6 2. d4 Bg7 3. Nf3 d6 4. Nc3 a6 5. Bd3 b5 6. O-O Bb7 7. Bf4 Nd7 8. Re1
e5 9. dxe5 dxe5 10. Bg5 Ngf6 11. Qd2 h6 12. Be3 Ng4 13. h3 Nxe3 14. Qxe3 O-O
15. Rad1 c5 16. b3 Bc6 17. a3 Qa5 18. Nb1 Kh7 19. Qd2 Qc7 20. Nc3 Nf6 21. Qe3
Bb7 22. Qe2 Nh5 23. g3 Rac8 24. Qe3 Nf6 25. Bf1 Rfd8 26. Qe2 b4 27. Nb1 Nxe4
28. Nfd2 Ng5 29. Bg2 Bxg2 30. Kxg2 Qc6+ 31. Nf3 f5 32. h4 Ne6 33. Kg1 e4 34.
Nfd2 Nd4 35. Qc4 a5 36. axb4 axb4 37. c3 Nb5 38. cxb4 cxb4 39. Qxc6 Rxc6 40.
Rc1 Nc3 41. Kf1 Rdc8 42. Kg2 Nxb1 43. Rxc6 Rxc6 44. Rxb1 Rc2 45. Nc4 Bd4 46.
Rf1 e3 47. Kf3 exf2 48. Kg2 g5 49. hxg5 hxg5 50. Nd6 Kg6 51. Nc4 Bc5 52. Kh1
Kf6 53. Kg2 Rc3 54. Na5 g4 55. Rb1 Bd6 56. Kxf2 Rxg3 57. Nc4 Rf3+ 58. Kg2 Bc5
59. Nd2 Rf2+ 60. Kg3 Kg5 61. Nf1 f4# 0-1

[Event "III. CLANSKA LIGA ZAHOD 2017"]
[Site "Komenda"]
[Date "2017.11.25"]
[Round "6.6"]
[White "Zajc, Jan"]
[Black "Hocevar, Tim"]
[Result "1/2-1/2"]
[WhiteElo "1718"]
[BlackElo "1693"]
[PlyCount "139"]
[EventDate "2017.11.25"]
[WhiteTeam "SK KOMENDA"]
[BlackTeam "SK POSTOJNA"]

1. e4 e5 2. Nf3 Nc6 3. Bb5 d6 4. d4 a6 5. Bxc6+ bxc6 6. dxe5 Bg4 7. exd6 Bxf3
8. Qxf3 Bxd6 9. e5 Bxe5 10. Qxc6+ Kf8 11. Nc3 Qe8 12. Qxe8+ Rxe8 13. Be3 Bd4
14. Ke2 f5 15. Kd3 Bxe3 16. fxe3 Rd8+ 17. Ke2 Re8 18. Rhf1 g6 19. Rad1 Nf6 20.
h3 h5 21. Kf3 Kg7 22. Nd5 Nxd5 23. Rxd5 Re7 24. Rfd1 Kf6 25. Ra5 Re6 26. Rd7
Rc8 27. Rc5 Rce8 28. Rc3 g5 29. Rdxc7 g4+ 30. Kf2 h4 31. hxg4 fxg4 32. R7c6 Rf8
33. Rxe6+ Kxe6+ 34. Kg1 Kd5 35. Rd3+ Ke5 36. Rd4 Rc8 37. Rxg4 Rxc2 38. Rb4 Re2
39. Kh2 Rxe3 40. Rxh4 Re2 41. Rb4 Rd2 42. Kh3 Rd3+ 43. Kg4 Rd2 44. g3 Rg2 45.
Kh4 Rh2+ 46. Kg5 Rg2 47. g4 a5 48. Rb5+ Ke6 49. Kh5 a4 50. g5 a3 51. bxa3 Rxa2
52. Rb3 Rh2+ 53. Kg6 Rg2 54. Re3+ Kd5 55. Kf6 Kc5 56. g6 Rf2+ 57. Ke7 Rg2 58.
Kf7 Rf2+ 59. Kg8 Rg2 60. g7 Kd4 61. Rf3 Ke5 62. Kf8 Ke4 63. Rf6 Rg3 64. g8=Q
Rxa3 65. Qg4+ Kd5 66. Rf5+ Kc6 67. Qg6+ Kb7 68. Rf7+ Ka8 69. Qc6+ Kb8 70. Qb7#
1/2-1/2